000 00710nam a2200289Ia 4500
005 20260324140232.0
008 008 260324s9999 xx 000 0 eng d
020 _a9781315251028
037 _aEBOOK
040 _aCRL
040 _beng
040 _cCRL
041 _2eng
041 _aeng
084 _qCRL
100 _aMarie-France Auzépy
_91203629
245 0 _aL’Hagiographie et l’Iconoclasme Byzantin
245 0 _bLe cas de la Vie d’Étienne le Jeune
260 _bTaylor and Francis
260 _c1999
365 _a
365 _b59.99
856 _uhttp://www.taylorfrancis.com/books/9781315251028
942 _cEBOOK
999 _c1805498
_d1805498